[Event "Sparkassen-Open B"]
[Site "Heusenstamm, Martinsee"]
[Date "2017.11.24"]
[Round "2.3"]
[White "Englert, Fred"]
[Black "Rupp, Arnim"]
[Result "1-0"]
[WhiteElo "1778"]
[BlackElo "1636"]
[PlyCount "137"]
[EventDate "2017.??.??"]
[WhiteTeam "SK Klingenberg"]
[BlackTeam "SC Eschborn"]

1. c4 Nf6 2. g3 g6 3. Bg2 Bg7 4. Nc3 d6 5. d4 O-O 6. Nf3 c6 7. O-O Qa5 8. d5
cxd5 9. cxd5 Bg4 10. h3 Bf5 11. Nd4 Bd7 12. Bd2 Qb6 13. Nb3 a5 14. Be3 Qa6 15.
a4 b5 16. axb5 Bxb5 17. Rxa5 Qxa5 18. Nxa5 Rxa5 19. Bb6 Ra6 20. Bd4 Bd7 21. b4
Rc8 22. b5 Ra3 23. Qd2 Ne8 24. Nb1 Rb3 25. Bxg7 Nxg7 26. b6 Rxb6 27. Qe3 Rb2
28. Qxe7 Nf5 29. Qf6 Rb6 30. e4 Ng7 31. Re1 Ne8 32. Qd4 Rb5 33. Bf1 Rbc5 34. h4
h5 35. Kg2 Bg4 36. Nd2 Rc2 37. Nc4 Bd7 38. Ra1 Bb5 39. Ne3 Bxf1+ 40. Rxf1 R2c7
41. Rb1 Nd7 42. Rb4 Ne5 43. Rb3 Nf6 44. f3 Nfd7 45. Ra3 Nc5 46. f4 Ned7 47. Kf3
Rb7 48. Rc3 Rcb8 49. e5 dxe5 50. fxe5 Nb3 51. Qf4 Rb4 52. Nc4 Nb6 53. e6 Rb7
54. e7 Rxe7 55. Qb8+ Kh7 56. Nxb6 Nd2+ 57. Kg2 Re2+ 58. Kh3 Rb1 59. g4 Rh1+ 60.
Kg3 Ne4+ 61. Kf4 Rf1+ 62. Rf3 g5+ 63. hxg5 Kg7 64. Qe5+ Kg8 65. Nd7 Ng3 66.
Nf6+ Kg7 67. Nxh5+ Kg6 68. Qf6+ Kh7 69. Qxf7+ 1-0

[Event "Sparkassen-Open B"]
[Site "Heusenstamm, Martinsee"]
[Date "2017.11.24"]
[Round "2.4"]
[White "Werner, Tom"]
[Black "Haftmann, Rainer"]
[Result "1/2-1/2"]
[WhiteElo "1627"]
[BlackElo "1768"]
[PlyCount "81"]
[EventDate "2017.??.??"]
[WhiteTeam "VSG Offenbach"]
[BlackTeam "SG Dietzenbach"]

1. c4 Nf6 2. g3 e6 3. Bg2 d5 4. cxd5 exd5 5. d4 c6 6. Nc3 Bf5 7. e3 Nbd7 8.
Nge2 Bd6 9. O-O O-O 10. b3 Re8 11. Bd2 Ne4 12. Nxe4 Bxe4 13. Bxe4 Rxe4 14. Nc3
Re6 15. Qc2 Nf6 16. Rae1 Ne4 17. Nxe4 Rxe4 18. f3 Re6 19. e4 dxe4 20. fxe4 Bc7
21. Bc3 Bb6 22. Qd2 Qd7 23. Rf3 Rae8 24. Rfe3 Rd8 25. Rd1 f5 26. exf5 Rxe3 27.
Qxe3 Qxf5 28. Re1 Qd7 29. Kg2 Qd5+ 30. Qe4 Qxe4+ 31. Rxe4 Rd7 32. Kf3 Kf7 33.
g4 g6 34. h3 Re7 35. Rxe7+ Kxe7 36. Kf4 h6 37. Bb4+ Ke6 38. Ke4 Bc7 39. Bd2 h5
40. gxh5 gxh5 41. Bg5 1/2-1/2

[Event "Sparkassen-Open B"]
[Site "Heusenstamm, Martinsee"]
[Date "2017.11.24"]
[Round "2.5"]
[White "Schwarz, Matthias"]
[Black "Policarpo, Raphael"]
[Result "1-0"]
[WhiteElo "1767"]
[BlackElo "1633"]
[PlyCount "120"]
[EventDate "2017.??.??"]
[WhiteTeam "SG Idstein"]
[BlackTeam "SC Heusenstamm"]

1. e4 c5 2. Nf3 Nc6 3. d4 cxd4 4. Nxd4 e5 5. Nb5 d6 6. N1c3 Nf6 7. Bg5 a6 8.
Na3 b5 9. Nd5 Be7 10. Bxf6 Bxf6 11. c3 O-O 12. Be2 Kh8 13. Nc2 Be7 14. Nce3 Bg5
15. O-O Bxe3 16. Nxe3 f5 17. exf5 Bxf5 18. Nxf5 Rxf5 19. Bd3 Rf6 20. Be4 Rc8
21. Qd3 Rh6 22. Rad1 Qe7 23. Rfe1 Na5 24. Bf5 Rf8 25. Be4 Nc4 26. Qc2 Rhf6 27.
Re2 h6 28. a4 Qf7 29. axb5 axb5 30. Bd5 Qa7 31. b3 Nb6 32. Qa2 Qxa2 33. Rxa2
Nxd5 34. Rxd5 Rc8 35. Rc2 b4 36. c4 Rc5 37. Rcd2 Rc6 38. Rb5 Ra6 39. g3 Ra1+
40. Kg2 Rb1 41. Rxb4 e4 42. Rb6 Rf3 43. b4 Rc1 44. Rbxd6 Rxc4 45. Rb2 Rf5 46.
b5 Rc7 47. b6 Rb7 48. Rc6 Rf6 49. Rxf6 gxf6 50. f3 e3 51. Kf1 Kg7 52. Ke2 Kf7
53. Kxe3 Ke6 54. Ke4 f5+ 55. Kf4 Kf6 56. Rb5 Kg6 57. Ke5 Kf7 58. Kd6 Ke8 59.
Kc6 Rd7 60. b7 Ke7 1-0

[Event "Sparkassen-Open B"]
[Site "Heusenstamm, Martinsee"]
[Date "2017.11.24"]
[Round "2.6"]
[White "Kodalle, Dominik"]
[Black "Baranyai-Molnar, Adam-Kristof"]
[Result "0-1"]
[WhiteElo "1589"]
[BlackElo "1715"]
[PlyCount "74"]
[EventDate "2017.??.??"]
[WhiteTeam "Aschaffenburg-Schweinheim"]
[BlackTeam "SF Neuberg"]

1. c4 Nf6 2. Nc3 d5 3. cxd5 Nxd5 4. g3 c6 5. Bg2 e6 6. d4 Bb4 7. Bd2 Nd7 8. e4
Nxc3 9. Bxc3 Bxc3+ 10. bxc3 Qa5 11. Qb3 O-O 12. f4 Nb6 13. Ne2 Qa6 14. Rd1 Nc4
15. Kf2 b5 16. Rhe1 Qb6 17. a4 e5 18. fxe5 Nxe5 19. a5 Ng4+ 20. Kg1 Qxa5 21.
Nf4 Qc7 22. e5 Bb7 23. h3 Nh6 24. g4 Kh8 25. g5 Nf5 26. Qc2 g6 27. Qf2 Ng7 28.
h4 a5 29. Bf3 Rae8 30. h5 Ne6 31. Nh3 Qe7 32. Qh4 Ng7 33. Nf4 h6 34. hxg6 Qxg5+
35. Qxg5 hxg5 36. Nh3 fxg6 37. Nxg5 Rf5 0-1

[Event "Sparkassen-Open B"]
[Site "Heusenstamm, Martinsee"]
[Date "2017.11.24"]
[Round "2.7"]
[White "Bunjaku, Lulzim"]
[Black "Hänselmann, Hendrik"]
[Result "1-0"]
[WhiteElo "1756"]
[BlackElo "1597"]
[PlyCount "80"]
[EventDate "2017.??.??"]
[WhiteTeam "SC Heusenstamm"]
[BlackTeam "Karlsruher SF"]

1. f4 d5 2. Nf3 Nf6 3. e3 Bf5 4. c4 e6 5. Nc3 c5 6. d4 Nc6 7. Be2 Be7 8. O-O
O-O 9. Ne5 Qc7 10. b3 Rad8 11. Nb5 Qb6 12. Bb2 Nb4 13. a4 a5 14. Bd3 Nxd3 15.
Nxd3 Ne4 16. g4 Bg6 17. f5 exf5 18. gxf5 Bxf5 19. Nf4 dxc4 20. bxc4 Bg5 21. Qh5
Bg6 22. Qg4 Rfe8 23. Nd5 Qe6 24. Qg2 Qc8 25. Nbc7 Rf8 26. h4 Bxh4 27. Rf4 Bg5
28. Rxe4 Bxe4 29. Qxe4 Rd7 30. dxc5 Rxc7 31. Qe5 Qg4+ 32. Kh2 f6 33. Qxc7 Qe2+
34. Kh3 Qxb2 35. Rd1 Qe2 36. Ne7+ Kf7 37. Nf5+ Kg6 38. Qxg7+ Kxf5 39. Qxh7+ Ke6
40. Rd6+ Ke5 1-0

[Event "Sparkassen-Open B"]
[Site "Heusenstamm, Martinsee"]
[Date "2017.11.24"]
[Round "2.8"]
[White "Bär, Christian"]
[Black "Sikorra, Philipp"]
[Result "0-1"]
[WhiteElo "1573"]
[BlackElo "1755"]
[PlyCount "64"]
[EventDate "2017.??.??"]
[WhiteTeam "SC Steinbach"]
[BlackTeam "SC Ladja Roßdorf"]

1. d4 d5 2. c4 e5 3. dxe5 d4 4. a3 Nc6 5. Nf3 Bg4 6. Qd3 Qd7 7. Nbd2 Nge7 8. e3
O-O-O 9. exd4 Nxd4 10. Nxd4 Qxd4 11. Qxd4 Rxd4 12. f3 Be6 13. b3 Ng6 14. Bb2
Rd7 15. Ne4 Be7 16. Rd1 Rhd8 17. Be2 Nf4 18. Rxd7 Rxd7 19. g3 Nd3+ 20. Bxd3
Rxd3 21. Nd2 Bc5 22. Ke2 Re3+ 23. Kd1 Rd3 24. Ke2 Re3+ 25. Kd1 Bf5 26. b4 Be7
27. Ne4 Rxf3 28. Nd2 Rd3 29. Ke2 Bg5 30. Bc1 Rc3 31. Nb3 Bg4+ 32. Kf2 Rc2+ 0-1

[Event "Sparkassen-Open B"]
[Site "Heusenstamm, Martinsee"]
[Date "2017.11.24"]
[Round "2.9"]
[White "Becker, Ralph"]
[Black "Pohle, Saskia"]
[Result "1-0"]
[WhiteElo "1753"]
[BlackElo "1497"]
[PlyCount "77"]
[EventDate "2017.??.??"]
[WhiteTeam "SC Paimar"]
[BlackTeam "Muldental Wilkau-Haßlau"]

1. d4 d5 2. Nc3 Nf6 3. Bf4 Bf5 4. f3 e6 5. g4 Bg6 6. h4 h6 7. e3 a6 8. Bd3 Bxd3
9. cxd3 Nc6 10. Nge2 Be7 11. Qd2 Qd7 12. a3 Rc8 13. b4 Rf8 14. Kf2 Bd6 15. g5
Nh5 16. gxh6 Bxf4 17. hxg7 Bxe3+ 18. Qxe3 Nxg7 19. h5 Rh8 20. Ng3 Ne7 21. Qe5
Rh7 22. Rag1 Qd6 23. Qg5 Qc6 24. Nce2 Ngf5 25. Nxf5 exf5 26. Re1 f6 27. Qh4 Kd7
28. Nf4 Rch8 29. Rc1 Qb6 30. Rc5 Qd6 31. Re1 c6 32. Re6 Qc7 33. Rxf6 b6 34. Rc2
Rh6 35. Re2 Rxf6 36. Qxf6 Re8 37. Re5 Kc8 38. h6 Qd7 39. h7 1-0

[Event "Sparkassen-Open B"]
[Site "Heusenstamm, Martinsee"]
[Date "2017.11.24"]
[Round "2.10"]
[White "Kiel, Gerhard"]
[Black "Zerhusen, Martin"]
[Result "0-1"]
[WhiteElo "1571"]
[BlackElo "1751"]
[PlyCount "110"]
[EventDate "2017.??.??"]
[WhiteTeam "vereinslos"]
[BlackTeam "SV Oberursel"]

1. Nf3 d5 2. b3 c5 3. Bb2 Nc6 4. e3 a6 5. d3 Bg4 6. Be2 e6 7. O-O Nf6 8. Nbd2
Be7 9. h3 Bh5 10. Nh2 Bg6 11. f4 O-O 12. Ndf3 h6 13. Qe1 Nd7 14. Ng4 Nb4 15. a3
Nc6 16. Rd1 Rc8 17. Qg3 Kh7 18. Qe1 Nf6 19. Nfh2 b5 20. Bf3 Nxg4 21. hxg4 Kg8
22. Qg3 Qc7 23. Be2 f6 24. Nf3 Na5 25. Qh3 Qd8 26. Kf2 Bh7 27. Rh1 Kf7 28. Kg1
Rh8 29. Rf1 Bg6 30. f5 exf5 31. gxf5 Bh7 32. Nh4 c4 33. b4 Nc6 34. Bh5+ Kf8 35.
d4 Bd6 36. Ng6+ Bxg6 37. fxg6 Rc7 38. Rf5 Rd7 39. Kf1 Bc7 40. Ke2 Ne7 41. Rf2
Nc6 42. Rhf1 Qe7 43. Kd2 Qd6 44. Bc3 Ke7 45. Bg4 Rdd8 46. Rf5 Ke8 47. Bf3 Ne7
48. Rh5 Rf8 49. Bg4 Qg3 50. Rxh6 gxh6 51. g7 Rf7 52. Qxg3 Bxg3 53. Bh5 Bh4 54.
e4 dxe4 55. Rf4 Bg5 0-1

[Event "Sparkassen-Open B"]
[Site "Heusenstamm, Martinsee"]
[Date "2017.11.24"]
[Round "2.11"]
[White "Ringeltaube, Denny"]
[Black "Strate, Wolfgang"]
[Result "1/2-1/2"]
[WhiteElo "1746"]
[BlackElo "1602"]
[PlyCount "65"]
[EventDate "2017.??.??"]
[WhiteTeam "Klub Kölner SF"]
[BlackTeam "SC Eschbach"]

1. e4 d5 2. exd5 Nf6 3. d4 Qxd5 4. Nc3 Qd8 5. Nf3 Bg4 6. Be3 e6 7. h3 Bxf3 8.
Qxf3 c6 9. Bc4 Nbd7 10. O-O-O Nb6 11. Bb3 Nbd5 12. Bg5 Nxc3 13. Bxf6 Nxa2+ 14.
Bxa2 Qxf6 15. Qg3 O-O-O 16. Kb1 Rxd4 17. Rxd4 Qxd4 18. Qf3 Qf6 19. Qe3 b6 20.
Rd1 Bc5 21. Qd3 Rd8 22. Qa6+ Kb8 23. Rxd8+ Qxd8 24. Qe2 Bxf2 25. Bc4 Qd4 26.
Bd3 Qe3 27. Qg4 Qe1+ 28. Ka2 Qa5+ 29. Kb1 Qe1+ 30. Ka2 Qa5+ 31. Kb1 Qe1+ 32.
Ka2 Qa5+ 33. Kb1 1/2-1/2

[Event "Sparkassen-Open B"]
[Site "Heusenstamm, Martinsee"]
[Date "2017.11.24"]
[Round "2.12"]
[White "Memmeler, Björn"]
[Black "Kohn, Matthias"]
[Result "0-1"]
[WhiteElo "1556"]
[BlackElo "1739"]
[PlyCount "54"]
[EventDate "2017.??.??"]
[WhiteTeam "SF Mainz"]
[BlackTeam "SF Mahndorf"]

1. Nf3 c5 2. c4 Nc6 3. g3 g6 4. Bg2 Bg7 5. O-O e5 6. d3 Nge7 7. Nc3 O-O 8. Nd5
Nxd5 9. cxd5 Ne7 10. e4 d6 11. Be3 h6 12. Nd2 f5 13. exf5 Bxf5 14. Be4 Kh7 15.
a4 b6 16. Nc4 Qc7 17. g4 Bc8 18. h4 Bb7 19. h5 Nxd5 20. hxg6+ Kh8 21. Bxh6 Bxh6
22. g5 Nf4 23. gxh6 Bxe4 24. g7+ Kh7 25. gxf8=Q Rxf8 26. dxe4 Rg8+ 27. Kh1 Qe7
0-1

[Event "Sparkassen-Open B"]
[Site "Heusenstamm, Martinsee"]
[Date "2017.11.24"]
[Round "2.13"]
[White "Adlhoch, Walter"]
[Black "Schwenk, Stefan"]
[Result "1-0"]
[WhiteElo "1542"]
[BlackElo "1727"]
[PlyCount "115"]
[EventDate "2017.??.??"]
[WhiteTeam "SK Schwandorf"]
[BlackTeam "TuS Dotzheim"]

1. c4 c5 2. Nc3 e6 3. e4 Nc6 4. Nf3 g6 5. d3 a6 6. Be3 b6 7. d4 cxd4 8. Nxd4
Bb7 9. Be2 Bg7 10. O-O Nge7 11. Qd2 O-O 12. Rad1 Qc7 13. Nxc6 Bxc6 14. Bh6 Rfd8
15. Bxg7 Kxg7 16. Qd6 Qxd6 17. Rxd6 f5 18. e5 f4 19. Rfd1 Nf5 20. R6d3 Nh4 21.
g3 fxg3 22. hxg3 Nf5 23. Bf3 Bxf3 24. Rxf3 Rac8 25. b3 Rc5 26. Rfd3 Rc7 27. Ne4
d5 28. exd6 Rcd7 29. c5 bxc5 30. Nxc5 Rxd6 31. Nxe6+ Rxe6 32. Rxd8 Re2 33. R8d2
Re6 34. Kg2 h5 35. Kh3 Re4 36. Kg2 Kf6 37. Kf3 Rb4 38. Rd6+ Nxd6 39. Rxd6+ Kf5
40. Rxa6 Rb5 41. Rc6 g5 42. Rc4 g4+ 43. Ke3 Re5+ 44. Kd3 Kg5 45. b4 Re1 46.
Rc5+ Kg6 47. a4 Ra1 48. a5 Ra3+ 49. Rc3 Ra4 50. Kc4 Ra2 51. Kc5 Rxf2 52. a6 Rf3
53. Kd4 Rxc3 54. Kxc3 h4 55. gxh4 g3 56. a7 g2 57. a8=Q g1=Q 58. Qg8+ 1-0

[Event "Sparkassen-Open B"]
[Site "Heusenstamm, Martinsee"]
[Date "2017.11.24"]
[Round "2.14"]
[White "Hambel, Christoph"]
[Black "Kail, Thomas"]
[Result "1-0"]
[WhiteElo "1679"]
[BlackElo "1598"]
[PlyCount "71"]
[EventDate "2017.??.??"]
[WhiteTeam "Bad Vilbeler Sfr"]
[BlackTeam "SK Klingenberg"]

1. c4 c5 2. Nc3 g6 3. g3 Bg7 4. Bg2 Nc6 5. d3 e6 6. e4 a6 7. Nge2 b6 8. O-O Bb7
9. Rb1 Qc7 10. a3 Nge7 11. Be3 O-O 12. Qd2 e5 13. Bh6 Nd4 14. Bxg7 Kxg7 15.
Nxd4 exd4 16. Ne2 f5 17. b4 fxe4 18. bxc5 bxc5 19. Nf4 Rab8 20. dxe4 Bc6 21.
Nd5 Nxd5 22. exd5 Ba8 23. Qg5 d6 24. Bh3 Rxb1 25. Rxb1 Re8 26. Qd2 Rb8 27. Re1
Rb7 28. Qf4 Qd8 29. Qe4 Rc7 30. Be6 Re7 31. f4 Qf8 32. Rf1 Bb7 33. f5 Qf6 34.
fxg6 Qxg6 35. Qf4 Rxe6 36. Qf8# 1-0

[Event "Sparkassen-Open B"]
[Site "Heusenstamm, Martinsee"]
[Date "2017.11.24"]
[Round "2.15"]
[White "Edenhäuser, Hermann"]
[Black "Burow, Roger"]
[Result "1/2-1/2"]
[WhiteElo "1419"]
[BlackElo "1708"]
[PlyCount "47"]
[EventDate "2017.??.??"]
[WhiteTeam "SC Heusenstamm"]
[BlackTeam "SV Kelsterbach"]

1. e4 e5 2. Nf3 Nc6 3. Bc4 Nf6 4. d4 exd4 5. e5 d5 6. Bb5 Ne4 7. Nxd4 Bd7 8.
Nxc6 Bxc6 9. Bd3 Bc5 10. O-O Nxf2 11. Rxf2 Qh4 12. Qf3 Bxf2+ 13. Qxf2 Qxf2+ 14.
Kxf2 O-O-O 15. Nd2 h6 16. Nf3 Rhe8 17. Be3 b6 18. Bd4 Bb7 19. b4 Kb8 20. Re1
Bc8 21. Nh4 Be6 22. Nf5 Bxf5 23. Bxf5 g6 24. Bd3 1/2-1/2

[Event "Sparkassen-Open B"]
[Site "Heusenstamm, Martinsee"]
[Date "2017.11.24"]
[Round "2.16"]
[White "Senatov, Boris"]
[Black "Friedel, Thomas"]
[Result "1-0"]
[WhiteElo "1704"]
[BlackElo "1582"]
[PlyCount "77"]
[EventDate "2017.??.??"]
[WhiteTeam "SC Heusenstamm"]
[BlackTeam "SV Groß-Gerau"]

1. e4 e5 2. Nf3 Nc6 3. Bb5 Bc5 4. c3 Nge7 5. O-O O-O 6. d4 exd4 7. cxd4 Bb6 8.
Nc3 a6 9. Ba4 h6 10. a3 d6 11. h3 Bd7 12. Bc2 Ng6 13. Qd3 Nce7 14. g4 Qc8 15.
Nh2 Re8 16. f4 Nc6 17. Be3 Nf8 18. Kh1 Nd8 19. Rg1 f6 20. g5 hxg5 21. fxg5 fxg5
22. Rxg5 Nf7 23. Rg3 Re7 24. Nd5 Re6 25. Rag1 g6 26. Ng4 Kg7 27. Qf1 Qd8 28.
Qf4 Qh4 29. Rf1 Ng5 30. Kh2 Nfh7 31. Qf2 Rf8 32. Qg2 Rxf1 33. Qxf1 Nxe4 34. Rf3
Nhg5 35. Rf8 Qg3+ 36. Kh1 Bc6 37. Bxe4 Rxe4 38. Qf6+ Kh7 39. Rh8# 1-0

[Event "Sparkassen-Open B"]
[Site "Heusenstamm, Martinsee"]
[Date "2017.11.24"]
[Round "2.17"]
[White "Eckhoff, Mathias"]
[Black "Edel, Fenja"]
[Result "0-1"]
[WhiteElo "1393"]
[BlackElo "1694"]
[PlyCount "90"]
[EventDate "2017.??.??"]
[WhiteTeam "SK Hungen"]
[BlackTeam "SV Springe"]

1. e4 e6 2. d4 d5 3. Nc3 Nf6 4. e5 Nfd7 5. Nf3 c5 6. Bb5 Nc6 7. O-O cxd4 8.
Nxd4 Ncxe5 9. Re1 Ng6 10. Nxd5 Bc5 11. Nc3 O-O 12. Be3 Bb4 13. a3 Bxc3 14. bxc3
Nb6 15. Nf3 Nd5 16. Bd4 Qc7 17. Qd2 Rd8 18. Bd3 Bd7 19. Bxg6 hxg6 20. a4 Rac8
21. Ra3 b6 22. g3 Bc6 23. Qd3 Qb7 24. Ne5 Ne7 25. Nxc6 Qxc6 26. Qe4 Qxe4 27.
Rxe4 Nf5 28. Kg2 Nxd4 29. Rxd4 Rxd4 30. cxd4 Rxc2 31. a5 b5 32. a6 Rc4 33. Kf1
Rxd4 34. Ke2 e5 35. Ke3 f6 36. f4 Kf7 37. fxe5 fxe5 38. Ke2 Ke6 39. Rf3 Rd6 40.
Rb3 Rb6 41. Kd3 Kd5 42. Rb1 e4+ 43. Ke3 b4 44. Rb2 Kc4 45. Kxe4 Kc3 0-1

[Event "Sparkassen-Open B"]
[Site "Heusenstamm, Martinsee"]
[Date "2017.11.24"]
[Round "2.18"]
[White "Björknes, Uwe"]
[Black "Deutsch, Volker"]
[Result "1-0"]
[WhiteElo "1696"]
[BlackElo "1578"]
[PlyCount "31"]
[EventDate "2017.??.??"]
[WhiteTeam "SC Bergen-Enkheim"]
[BlackTeam "SK Gründau"]

1. c4 c6 2. e4 e6 3. d4 d5 4. Nc3 dxe4 5. Nxe4 Bb4+ 6. Nc3 c5 7. Nf3 Nc6 8. d5
exd5 9. cxd5 Nce7 10. Bc4 Nf6 11. d6 Nf5 12. Bf4 Nh5 13. Be5 f6 14. Qd5 Qd7 15.
O-O fxe5 16. Bb5 1-0

[Event "Sparkassen-Open B"]
[Site "Heusenstamm, Martinsee"]
[Date "2017.11.24"]
[Round "2.20"]
[White "Westhof, Benedikt"]
[Black "Wöhl, Torsten"]
[Result "1-0"]
[WhiteElo "1681"]
[BlackElo "1559"]
[PlyCount "35"]
[EventDate "2017.??.??"]
[WhiteTeam "SC Heusenstamm"]
[BlackTeam "SC Groß-Zimmern"]

1. Nf3 e6 2. d4 d5 3. c4 Nf6 4. Bg5 Be7 5. e3 c5 6. Nc3 cxd4 7. Nxd4 Nc6 8.
cxd5 Nxd5 9. Bxe7 Ncxe7 10. Bb5+ Bd7 11. Nxd5 Nxd5 12. Qa4 Nb6 13. Bxd7+ Nxd7
14. Rc1 O-O 15. O-O Ne5 16. Qb5 Qf6 17. Rc7 Qh6 18. Qxe5 1-0

[Event "Sparkassen-Open B"]
[Site "Heusenstamm, Martinsee"]
[Date "2017.11.24"]
[Round "2.22"]
[White "Herdt, Werner"]
[Black "Merges, Harald"]
[Result "0-1"]
[WhiteElo "1425"]
[BlackElo "1773"]
[PlyCount "100"]
[EventDate "2017.??.??"]
[WhiteTeam "SF Heusenstamm"]
[BlackTeam "SG Reil-Kinheim"]

1. d4 Nf6 2. c4 e6 3. Nc3 b6 4. Nf3 Bb7 5. e3 Be7 6. Bd3 c5 7. O-O O-O 8. Re1
d5 9. a3 Nbd7 10. cxd5 cxd4 11. exd4 Nxd5 12. Nxd5 Bxd5 13. Be4 Nf6 14. Bxd5
Nxd5 15. Be3 Qd6 16. Qd2 Bf6 17. Rac1 Rac8 18. Rxc8 Rxc8 19. Rc1 Rxc1+ 20. Qxc1
Ne7 21. Bf4 Qc6 22. Qxc6 Nxc6 23. Be5 Be7 24. Kf1 f6 25. Bf4 g5 26. Be3 g4 27.
Ne1 Kf7 28. g3 Kg6 29. Ke2 Bd6 30. f4 Ne7 31. Kd3 Kf5 32. Ng2 e5 33. dxe5 fxe5
34. fxe5 Bxe5 35. Bc1 Nd5 36. Ne3+ Nxe3 37. Kxe3 h5 38. b4 b5 39. Kf2 Ke4 40.
Ke2 Bd4 41. Kf1 Kd3 42. Kg2 Ke2 43. h3 a6 44. hxg4 hxg4 45. a4 bxa4 46. Ba3 Kd3
47. Kf1 Kc2 48. Ke2 Bb2 49. Bxb2 Kxb2 50. Ke3 a3 0-1

[Event "Sparkassen-Open B"]
[Site "Heusenstamm, Martinsee"]
[Date "2017.11.24"]
[Round "2.23"]
[White "Füssel, Jan Michael"]
[Black "Jung, Kenny"]
[Result "1-0"]
[WhiteElo "1772"]
[BlackElo "1465"]
[PlyCount "53"]
[EventDate "2017.??.??"]
[WhiteTeam "VSG Offenbach"]
[BlackTeam "SF Schöneck"]

1. b3 e5 2. Bb2 Nc6 3. e3 Nf6 4. Bb5 Bd6 5. Ne2 a6 6. Bxc6 dxc6 7. O-O O-O 8.
c4 e4 9. Ng3 Bxg3 10. hxg3 Qd6 11. Nc3 Rd8 12. Bc1 Bg4 13. Ne2 Qd3 14. f3 exf3
15. gxf3 Be6 16. Nf4 Qd6 17. Kf2 Bd7 18. d4 g5 19. Ne2 Kg7 20. Rh1 Rh8 21. e4
Qe7 22. Bxg5 h6 23. Bh4 Qf8 24. Nf4 Re8 25. e5 Nh7 26. Nh5+ Kg8 27. Bf6 1-0

[Event "Sparkassen-Open B"]
[Site "Heusenstamm, Martinsee"]
[Date "2017.11.24"]
[Round "2.24"]
[White "Mügendt, Brian Christopher"]
[Black "Ummen, Jonathan"]
[Result "1-0"]
[WhiteElo "1732"]
[BlackElo "1520"]
[PlyCount "53"]
[EventDate "2017.??.??"]
[WhiteTeam "SC Heusenstamm"]
[BlackTeam "vereinslos"]

1. e4 e6 2. d4 d5 3. Nc3 Nf6 4. e5 Nfd7 5. f4 c5 6. Nf3 Nc6 7. Be3 Qb6 8. Qd2
cxd4 9. Nxd4 Bb4 10. Ndb5 Bc5 11. Nd6+ Ke7 12. Nf5+ Kf8 13. Bxc5+ Nxc5 14. Nd6
Bd7 15. O-O-O a5 16. Bb5 Ne4 17. Ncxe4 dxe4 18. Nxf7 Kxf7 19. Qxd7+ Ne7 20. f5
Rhd8 21. fxe6+ Qxe6 22. Rhf1+ Qf6 23. Bc4+ Kg6 24. Rxf6+ gxf6 25. Qg4+ Kh6 26.
Qf4+ Kg7 27. Qxf6# 1-0

[Event "Sparkassen-Open B"]
[Site "Heusenstamm, Martinsee"]
[Date "2017.11.24"]
[Round "2.25"]
[White "Lehmann, Nils"]
[Black "Mehl, Ulrich"]
[Result "0-1"]
[WhiteElo "1524"]
[BlackElo "1599"]
[PlyCount "86"]
[EventDate "2017.??.??"]
[WhiteTeam "SV Lahn Limburg"]
[BlackTeam "Berkershm"]

1. e4 c6 2. d4 d5 3. Nc3 dxe4 4. Nxe4 Nd7 5. Nf3 Ngf6 6. Ng3 e6 7. Bf4 Nd5 8.
Be3 Nxe3 9. fxe3 Bd6 10. Ne4 Bc7 11. Bd3 Nf6 12. Nf2 Qd5 13. Qe2 O-O 14. O-O b6
15. Bc4 Qh5 16. Nd3 Bb7 17. Rae1 Nd7 18. b4 Rac8 19. c3 c5 20. Nf4 Qh6 21. g3
e5 22. Nd5 Bxd5 23. Bxd5 exd4 24. cxd4 cxb4 25. Qb5 Nf6 26. Bb7 Rce8 27. Qxb4
Rxe3 28. Qa4 Bb8 29. Ne5 Re8 30. Rxf6 Rxe1+ 31. Kf2 Qxf6+ 32. Kxe1 Qe7 33. Bc6
Rd8 34. Kf2 Bxe5 35. dxe5 Qxe5 36. Qc2 Rc8 37. Qa4 Qc5+ 38. Kf1 Qxc6 39. Qxa7
Qf3+ 40. Ke1 Rc1+ 41. Kd2 Qc3+ 42. Ke2 Rc2+ 43. Kf1 Qa1# 0-1

[Event "Sparkassen-Open B"]
[Site "Heusenstamm, Martinsee"]
[Date "2017.11.24"]
[Round "2.26"]
[White "Peteani, Damien"]
[Black "Al-Butmeh, Firas"]
[Result "1/2-1/2"]
[WhiteElo "1687"]
[BlackElo "1325"]
[PlyCount "50"]
[EventDate "2017.??.??"]
[WhiteTeam "SV Groß-Gerau"]
[BlackTeam "SV Lahn Limburg"]

1. e4 c5 2. Nf3 g6 3. d4 cxd4 4. Nxd4 Nc6 5. Be3 Bg7 6. c4 Nf6 7. Nxc6 bxc6 8.
Nc3 O-O 9. e5 Ne8 10. f4 f6 11. exf6 Nxf6 12. Be2 d5 13. O-O Bf5 14. Rc1 Qd7
15. cxd5 cxd5 16. Bf3 Rad8 17. Bd4 e6 18. g4 Be4 19. Bxe4 dxe4 20. Bxf6 Bxf6
21. Qxd7 Rxd7 22. Nxe4 Bxb2 23. Rc6 Rdf7 24. Rxe6 Rxf4 25. Rxf4 Rxf4 1/2-1/2

[Event "Sparkassen-Open B"]
[Site "Heusenstamm, Martinsee"]
[Date "2017.11.24"]
[Round "2.27"]
[White "Müller, Maximilian"]
[Black "Fritsch, Reinhold"]
[Result "1/2-1/2"]
[WhiteElo "1362"]
[BlackElo "1653"]
[PlyCount "58"]
[EventDate "2017.??.??"]
[WhiteTeam "SC Eppelborn"]
[BlackTeam "SC Somborn"]

1. Nf3 Nf6 2. g3 g6 3. Bg2 Bg7 4. d4 d6 5. O-O O-O 6. c4 c6 7. Nc3 Nbd7 8. e4
Qc7 9. Bg5 Nb6 10. b3 Bg4 11. Qd2 Rad8 12. Bh6 Qc8 13. Bxg7 Kxg7 14. Qe3 Bh3
15. e5 Ng8 16. Rad1 Bxg2 17. Kxg2 Nh6 18. Qe2 Qg4 19. h3 Qc8 20. Ng5 f6 21.
exf6+ Rxf6 22. Qxe7+ Nf7 23. Nxf7 Rxf7 24. Qe3 Re8 25. Qd3 Rfe7 26. Qd2 Qf5 27.
Rfe1 Qf7 28. Rxe7 Qxe7 29. Kf1 Qe6 1/2-1/2

[Event "Sparkassen-Open B"]
[Site "Heusenstamm, Martinsee"]
[Date "2017.11.24"]
[Round "2.28"]
[White "Spill, Werner"]
[Black "Bach, Oliver"]
[Result "0-1"]
[WhiteElo "1372"]
[BlackElo "1599"]
[PlyCount "54"]
[EventDate "2017.??.??"]
[WhiteTeam "SC Königsspringer Alzenau"]
[BlackTeam "Frankfurter TV"]

1. b3 d6 2. Bb2 Nf6 3. e3 g6 4. f4 Bg7 5. Nf3 O-O 6. Be2 c5 7. O-O Nc6 8. c4
Bf5 9. Nh4 Bd7 10. Na3 e6 11. Nf3 a6 12. Nc2 Qa5 13. Bc3 Qc7 14. Ng5 Rab8 15.
Qe1 h6 16. Nf3 b5 17. Qh4 Ne4 18. Bxg7 Kxg7 19. Bd3 d5 20. Bxe4 dxe4 21. Ne5
Nxe5 22. fxe5 Qxe5 23. Qe7 Be8 24. Rf2 Qg5 25. Qxg5 hxg5 26. Raf1 bxc4 27. bxc4
Rb2 0-1

[Event "Sparkassen-Open B"]
[Site "Heusenstamm, Martinsee"]
[Date "2017.11.24"]
[Round "2.29"]
[White "Weber, Detlef"]
[Black "Skopp, Jonathan"]
[Result "1/2-1/2"]
[WhiteElo "1633"]
[BlackElo "1218"]
[PlyCount "34"]
[EventDate "2017.??.??"]
[WhiteTeam "SC Höxter"]
[BlackTeam "SV Empor Erfurt"]

1. e4 d5 2. exd5 Qxd5 3. Nc3 Qa5 4. Nf3 Bg4 5. Be2 Nf6 6. d4 c6 7. O-O e6 8. h3
Bf5 9. Bd2 Qc7 10. Ne5 Nbd7 11. Nxd7 Qxd7 12. Be3 Be7 13. Bf3 O-O 14. Qe2 Nd5
15. Nxd5 exd5 16. Bg4 Rae8 17. Bxf5 Qxf5 1/2-1/2

[Event "Sparkassen-Open B"]
[Site "Heusenstamm, Martinsee"]
[Date "2017.11.24"]
[Round "2.30"]
[White "Papadopoulos, Leon"]
[Black "Uphoff, Jürgen"]
[Result "0-1"]
[WhiteElo "1085"]
[BlackElo "1625"]
[PlyCount "82"]
[EventDate "2017.??.??"]
[WhiteTeam "SV Oberursel"]
[BlackTeam "vereinslos"]

1. e4 d6 2. d4 Nd7 3. Nf3 g6 4. Be3 Bg7 5. d5 Bxb2 6. Nbd2 Bxa1 7. Qxa1 Ngf6 8.
Bb5 a6 9. Bxd7+ Bxd7 10. Bd4 O-O 11. e5 dxe5 12. Nxe5 Bf5 13. O-O Qxd5 14. Re1
Be6 15. Ndf3 Qxa2 16. Qxa2 Bxa2 17. Nd3 Nd5 18. Nd2 e6 19. Nc1 Nb4 20. Bc5 Nxc2
21. Bxf8 Nxe1 22. Nxa2 Kxf8 23. Nb4 a5 24. Kf1 axb4 25. Kxe1 c5 26. Nb3 c4 27.
Nc5 Ra1+ 28. Kd2 b5 29. Ke3 Ke7 30. Kd4 Rd1+ 31. Ke5 f6+ 32. Kf4 b3 33. Ke3 b2
34. Kf3 b1=Q 35. Kg3 Qf5 36. Ne4 Rd3+ 37. f3 Qxe4 38. h3 Qe5+ 39. Kf2 Rd2+ 40.
Kg1 Qe2 41. g4 Qg2# 0-1

[Event "Sparkassen-Open B"]
[Site "Heusenstamm, Martinsee"]
[Date "2017.11.24"]
[Round "2.31"]
[White "Kremenetskiy, Igor"]
[Black "Boder, Jörg"]
[Result "1/2-1/2"]
[WhiteElo "1603"]
[BlackElo "1139"]
[PlyCount "50"]
[EventDate "2017.??.??"]
[WhiteTeam "SF Heusenstamm"]
[BlackTeam "SG Mörsdorf-Lahr"]

1. e4 c5 2. Nf3 g6 3. Bc4 Nc6 4. a3 Bg7 5. c3 a6 6. O-O d6 7. h3 Nf6 8. d3 O-O
9. Be3 b5 10. Bb3 h6 11. Nbd2 Nd7 12. Nh2 Nde5 13. Ndf3 c4 14. Nxe5 Nxe5 15.
dxc4 bxc4 16. Bc2 Rb8 17. Rb1 Re8 18. f4 Nc6 19. Ba4 Bd7 20. Bc2 Na5 21. Bd4
Nb3 22. Bxg7 Kxg7 23. Kh1 f5 24. Nf3 Qb6 25. Nd4 e5 1/2-1/2